000 00585nam a2200181Ia 4500
008 100920s9999 xx 000 0 und d
082 _b68353
_a891.464 थ 92
100 _aसप्रे मधुवंती.
245 _aपाच तेजस्विनी.
260 _bरोहन प्रकाशन, मुंबई 64.
_c1992
300 _a83
_bसाधी
365 _b40
520 _aनिबंध.
630 _aपाच तेजस्विनी.
650 _aनिबंध.
730 _aपाच तेजस्विनी.
942 _cBOOK
999 _c710667
_d710664